| 000 | 00711cam a2200277 4500 | ||
|---|---|---|---|
| 001 | 71366 | ||
| 003 | ARRUPE | ||
| 005 | 20140611121208.0 | ||
| 008 | 820323s1954 mauach 001 0aeng | ||
| 010 | _a 64023290 | ||
| 035 | _a(OCoLC)367797 | ||
| 035 | _a(OCoLC)ocm00367797 | ||
| 035 | _a(CStRLIN)NYCG82-B14157 | ||
| 035 | _a(NNC)71366 | ||
| 040 |
_cNNC _dNNC |
||
| 050 | 0 |
_aPR6045.A97 _bZ5 |
|
| 082 | _a928.2 | ||
| 090 |
_aPR6045.A97 _bZ5 |
||
| 100 | 1 |
_aWaugh, Evelyn, _910813 |
|
| 245 | 1 | 2 | _aA little learning; |
| 260 |
_aBoston, _bPenguin Books _c[1983] |
||
| 300 |
_a234 p. _billus., facsims., ports. _c22 cm. |
||
| 600 |
_aWaugh, Evelyn _910814 |
||
| 942 |
_2lcc _cMONOGRAPH |
||
| 999 |
_c120699 _d120699 |
||